000 00623nam a2200193Ia 4500
008 151121s9999||||xx |||||||||||||| ||und||
082 _a817/भेण्डे
082 _bHNW-112076
100 _aभेण्डे सुभाष
245 _aदिलखुलास
260 _b"दिलीपराज प्रकाशन प्रा। लि।, पुणे।"
260 _c201
300 _a136
600 _aभेण्डे सुभाष
630 _aदिलखुलास
700 _aभेण्डे सुभाष
730 _aदिलखुलास
942 _cBOOK
999 _c1261431
_d1261428